[Event "Titled Tuesday intern op 13th Feb Early"]
[Site "Chess.com INT"]
[Date "2024.02.13"]
[Round "10"]
[White "Boldoo, Erdenepurev"]
[Black "Dwilewicz, Katarzyna"]
[Result "1-0"]
[WhiteElo "2375"]
[BlackElo "2113"]
[PlyCount "145"]
[EventDate "2024.02.13"]
[EventType "swiss (blitz)"]
[EventRounds "11"]
[EventCountry "USA"]
[SourceTitle "CB08_2024"]
[SourceDate "2024.02.21"]
[SourceVersion "1"]
[SourceVersionDate "2024.02.21"]
[SourceQuality "1"]

1. e4 c5 2. d4 cxd4 3. c3 dxc3 4. Nxc3 Nc6 5. Nf3 d6 6. Bc4 e6 7. 0-0 Nf6 8. Qe2 Be7 9. Rd1 e5 10. h3 0-0 11. Bg5 Be6 12. Bxf6 Bxf6 13. Nb5 Be7 14. Rac1 a6 15. Na3 Rc8 16. Qe3 b5 17. Bxe6 fxe6 18. Qb3 Qd7 19. Rxc6 Qxc6 20. Qxe6+ Rf7 21. Nb1 Bf6 22. Nc3 Qe8 23. Qxd6 Rd8 24. Qxa6 Rxd1+ 25. Nxd1 Rc7 26. Nc3 Qc6 27. Qa5 h6 28. Kh2 Rb7 29. Nd5 Kh7 30. b3 Rf7 31. Qd2 Rd7 32. g3 Qe6 33. Kg2 Rf7 34. Qd3 Qc6 35. h4 Qc5 36. Ne3 Be7 37. Nd5 Bf8 38. Qe2 Qd6 39. a4 bxa4 40. bxa4 Ra7 41. Qc2 Qa6 42. Nxe5 Qxa4 43. Qc8 Qxe4+ 44. Nf3 Rf7 45. Nf4 g5 46. hxg5 hxg5 47. Qh3+ Kg8 48. Qg4 Rxf4 49. Qxg5+ Kf7 50. Qxf4+ Qxf4 51. gxf4 Bd6 52. Kh3 Kg6 53. Kg4 Kf6 54. Nh4 Bc7 55. f5 Bb6 56. f3 Be3 57. Ng2 Bd2 58. Nf4 Bc1 59. Nd3 Bd2 60. Nc5 Be3 61. Ne4+ Kf7 62. f6 Bh6 63. Kf5 Bf8 64. Ng5+ Kg8 65. Kg6 Kh8 66. Nf7+ Kg8 67. Ne5 Kh8 68. f4 Kg8 69. f7+ Kh8 70. Kf6 Bg7+ 71. Ke7 Bh6 72. f5 Kh7 73. f6 1-0

[Event "Titled Tuesday intern op 09th Jan Early"]
[Site "Chess.com INT"]
[Date "2024.01.09"]
[Round "2"]
[White "Kohler, Aran"]
[Black "Boldoo, Erdenepurev"]
[Result "1-0"]
[WhiteElo "2029"]
[BlackElo "2375"]
[PlyCount "45"]
[EventDate "2024.01.09"]
[EventType "swiss (blitz)"]
[EventRounds "11"]
[EventCountry "USA"]
[SourceTitle "CB03_2024"]
[SourceDate "2024.01.17"]
[SourceVersion "1"]
[SourceVersionDate "2024.01.17"]
[SourceQuality "1"]

1. d4 Nf6 2. Nf3 g6 3. Bg5 Bg7 4. Nbd2 d5 5. e3 0-0 6. Bd3 c5 7. c3 Nc6 8. h4 h5 9. dxc5 e5 10. e4 Be6 11. Qe2 Qe7 12. b4 Rad8 13. exd5 Bxd5 14. Ne4 Nxe4 15. Bxe7 Nxc3 16. Bxf8 Kxf8 17. Qe3 e4 18. 0-0 exf3 19. Rac1 fxg2 20. Rfe1 Be6 21. Bxg6 Nd5 22. Qg5 Nd4 23. Qxd8# 1-0

[Event "Titled Tuesday intern op 26th Sep Early"]
[Site "Chess.com INT"]
[Date "2023.09.26"]
[Round "6"]
[White "Csonka, Balazs"]
[Black "Boldoo, Erdenepurev"]
[Result "1/2-1/2"]
[WhiteElo "2469"]
[BlackElo "2375"]
[PlyCount "91"]
[EventDate "2023.09.26"]
[EventType "swiss (blitz)"]
[EventRounds "11"]
[EventCountry "USA"]
[SourceTitle "EXT 2024"]
[Source "ChessBase"]
[SourceDate "2023.10.10"]
[SourceVersion "1"]
[SourceVersionDate "2023.10.10"]
[SourceQuality "1"]

1. e4 c5 2. Nf3 d6 3. d4 cxd4 4. Nxd4 Nf6 5. Nc3 a6 6. Be2 e5 7. Nf3 h6 8. Nd2 Be7 9. a4 Be6 10. Nc4 Nc6 11. Be3 0-0 12. 0-0 Bxc4 13. Bxc4 Rc8 14. Ba2 Nb4 15. Bb3 Nc6 16. Qd3 Na5 17. Ba2 Nc6 18. Qd2 Na5 19. Qe2 Rxc3 20. bxc3 Nxe4 21. Bxh6 Nxc3 22. Qg4 Bf6 23. Bd2 Nxa2 24. Rxa2 d5 25. Rb1 Nc4 26. Bb4 Re8 27. a5 Qc7 28. c3 e4 29. Rd1 Qc6 30. Re2 Ne5 31. Qf5 Nd3 32. Rxd3 exd3 33. Rxe8+ Qxe8 34. Qxd3 Qe1+ 35. Qf1 Qd2 36. g3 d4 37. Qb1 dxc3 38. Qf5 Qd8 39. Qc5 Qd1+ 40. Kg2 Qd3 41. Qc8+ Kh7 42. Qh3+ Kg8 43. Qc8+ Kh7 44. Qh3+ Kg6 45. Qg4+ Kh7 46. Qh3+ 1/2-1/2

[Event "Titled Tuesday intern op 26th Sep Early"]
[Site "Chess.com INT"]
[Date "2023.09.26"]
[Round "11"]
[White "Volkov, Maksim"]
[Black "Boldoo, Erdenepurev"]
[Result "0-1"]
[WhiteElo "2260"]
[BlackElo "2375"]
[PlyCount "94"]
[EventDate "2023.09.26"]
[EventType "swiss (blitz)"]
[EventRounds "11"]
[EventCountry "USA"]
[SourceTitle "EXT 2024"]
[Source "ChessBase"]
[SourceDate "2023.10.10"]
[SourceVersion "1"]
[SourceVersionDate "2023.10.10"]
[SourceQuality "1"]

1. Nf3 Nf6 2. c4 c5 3. d4 cxd4 4. Nxd4 Nc6 5. Nc3 g6 6. g3 Bg7 7. Bg2 0-0 8. Nc2 Ne5 9. b3 d6 10. Bb2 a6 11. 0-0 Rb8 12. a4 h5 13. Ne3 h4 14. Qd2 Bd7 15. Ncd5 Nxd5 16. Nxd5 h3 17. Bh1 Bc6 18. Rfd1 a5 19. Bd4 Nd7 20. Bxg7 Kxg7 21. Qc3+ f6 22. Nf4 Nc5 23. Nxh3 Bxh1 24. Kxh1 Rh8 25. Nf4 Qc8 26. Qe3 Kf7 27. Qf3 g5 28. Nd5 Qh3 29. Qg2 Nxb3 30. Rab1 Nc5 31. Rb5 Ra8 32. Qxh3 Rxh3 33. Kg2 Rah8 34. Rh1 Nxa4 35. Rxa5 Nc5 36. Nc3 g4 37. Na4 Ne4 38. Rb5 Nd2 39. Rxb7 Nxc4 40. Nc3 Ke6 41. Ne4 Ne5 42. Nc3 f5 43. Nd1 R3h7 44. Ne3 Ng6 45. Rb5 f4 46. Nxg4 fxg3 47. fxg3 Rg7 0-1

[Event "Titled Tuesday intern op 05th Sep Early"]
[Site "Chess.com INT"]
[Date "2023.09.05"]
[Round "3"]
[White "Boldoo, Erdenepurev"]
[Black "Liu, Casper Yukun"]
[Result "1/2-1/2"]
[WhiteElo "2375"]
[BlackElo "2278"]
[PlyCount "143"]
[EventDate "2023.09.05"]
[EventType "swiss (blitz)"]
[EventRounds "11"]
[EventCountry "USA"]
[SourceTitle "EXT 2024"]
[Source "ChessBase"]
[SourceDate "2023.10.10"]
[SourceVersion "1"]
[SourceVersionDate "2023.10.10"]
[SourceQuality "1"]

1. Nf3 d6 2. d4 g6 3. Nc3 Bg7 4. e4 Nf6 5. h3 0-0 6. Bc4 Nc6 7. 0-0 e6 8. Re1 Nxe4 9. Nxe4 d5 10. Bg5 f6 11. Nxf6+ Bxf6 12. Bxf6 Qxf6 13. Bb5 Bd7 14. Bxc6 Bxc6 15. Qe2 Rae8 16. Qe5 Re7 17. Qxf6 Rxf6 18. Re3 Kg7 19. Rae1 Bd7 20. Rc3 Bc8 21. Ra3 a6 22. Rc3 Rf4 23. g3 Rf6 24. h4 c6 25. a4 Re8 26. Ne5 Ref8 27. Re2 Rf5 28. a5 g5 29. hxg5 Rxg5 30. f4 Rxf4 31. Rd3 c5 32. dxc5 Re4 33. Rxe4 dxe4 34. Rd8 Rxe5 35. Rxc8 e3 36. Kf1 Rd5 37. Ke2 Rd2+ 38. Kxe3 Rxc2 39. b4 Rc4 40. Rc7+ Kf6 41. Rxb7 h5 42. Rb6 Ke5 43. Kd3 Rg4 44. Rxa6 Rxb4 45. Rb6 Ra4 46. a6 Kd5 47. c6 Kd6 48. Kc3 Kc7 49. Rb7+ Kxc6 50. Rh7 Rxa6 51. Rxh5 Ra3+ 52. Kd4 Rxg3 53. Re5 Kd6 54. Re4 Ra3 55. Re1 e5+ 56. Ke4 Ra8 57. Rd1+ Ke6 58. Rb1 Ra4+ 59. Ke3 Kf5 60. Rf1+ Ke6 61. Rb1 Ra6 62. Rb8 Ra3+ 63. Ke4 Ra4+ 64. Ke3 Rh4 65. Ra8 Kd6 66. Rb8 Kc5 67. Rd8 Kc6 68. Ra8 Kd5 69. Rd8+ Ke6 70. Ra8 Rh3+ 71. Ke4 Rh4+ 72. Ke3 1/2-1/2

[Event "Titled Tuesday intern op 05th Sep Early"]
[Site "Chess.com INT"]
[Date "2023.09.05"]
[Round "9"]
[White "Boldoo, Erdenepurev"]
[Black "Mikhailovsky, Vladimir"]
[Result "0-1"]
[WhiteElo "2375"]
[BlackElo "2215"]
[PlyCount "114"]
[EventDate "2023.09.05"]
[EventType "swiss (blitz)"]
[EventRounds "11"]
[EventCountry "USA"]
[SourceTitle "EXT 2024"]
[Source "ChessBase"]
[SourceDate "2023.10.10"]
[SourceVersion "1"]
[SourceVersionDate "2023.10.10"]
[SourceQuality "1"]

1. d4 Nf6 2. c4 e6 3. Bf4 Bb4+ 4. Nd2 d5 5. cxd5 Nxd5 6. Bg3 c5 7. e4 Nf6 8. e5 Ne4 9. Ngf3 Nxd2 10. Nxd2 Qxd4 11. a3 Ba5 12. Bb5+ Bd7 13. Bxd7+ Nxd7 14. b4 cxb4 15. 0-0 bxa3 16. Rxa3 Qxd2 17. Qa4 Qb4 18. Qxa5 Qxa5 19. Rxa5 b6 20. Ra3 a5 21. Rb1 Ke7 22. f4 Rhb8 23. Rb5 Rc8 24. h3 Rc5 25. Bh4+ f6 26. exf6+ gxf6 27. Rb1 b5 28. Bf2 Rd5 29. Be1 a4 30. Bb4+ Kf7 31. Rc3 Ra7 32. Rc8 Rb7 33. g4 Rd4 34. f5 exf5 35. gxf5 Rd5 36. Re1 Re5 37. Rd1 Rxf5 38. Kh1 Rf4 39. Bd6 Rc4 40. Rd8 Ne5 41. Re1 Rd7 42. Rf8+ Ke6 43. Ba3 b4 44. Bb2 a3 45. Ba1 b3 46. Rxf6+ Kxf6 47. Bxe5+ Kf5 48. Bh8 b2 49. Rf1+ Ke4 50. Re1+ Kf3 51. Rf1+ Ke2 52. Rg1 Rc1 53. Bxb2 axb2 54. Kh2 Rxg1 55. h4 b1Q 56. h5 Qf1 57. h6 Qg2# 0-1

[Event "Titled Tuesday intern op 05th Sep Early"]
[Site "Chess.com INT"]
[Date "2023.09.05"]
[Round "5"]
[White "Boldoo, Erdenepurev"]
[Black "Rodriguez Fontecha, Marcos"]
[Result "1-0"]
[WhiteElo "2375"]
[BlackElo "2289"]
[PlyCount "73"]
[EventDate "2023.09.05"]
[EventType "swiss (blitz)"]
[EventRounds "11"]
[EventCountry "USA"]
[SourceTitle "EXT 2024"]
[Source "ChessBase"]
[SourceDate "2023.10.10"]
[SourceVersion "1"]
[SourceVersionDate "2023.10.10"]
[SourceQuality "1"]

1. d4 Nf6 2. Bf4 d6 3. c4 g6 4. Nc3 Bg7 5. h4 h6 6. Qd2 Nc6 7. d5 Ne5 8. e4 e6 9. 0-0-0 exd5 10. cxd5 Qe7 11. f3 Bd7 12. Qe3 Nh5 13. Bh2 0-0 14. g4 Nf6 15. Bf4 c6 16. dxc6 bxc6 17. Be2 Rfe8 18. Bxh6 Bh8 19. h5 Rab8 20. Rd2 d5 21. hxg6 fxg6 22. Bg5 Nf7 23. Nh3 dxe4 24. f4 Qe6 25. f5 Qe5 26. Bf4 Qa5 27. Bxb8 Nd5 28. Rxd5 cxd5 29. fxg6 Ne5 30. Bxe5 Bxe5 31. Qh6 Bg7 32. Qh7+ Kf8 33. Rf1+ Ke7 34. Qxg7+ Kd8 35. Qf6+ Kc8 36. Qd4 Re6 37. g7 1-0

[Event "Titled Tuesday intern op 05th Sep Early"]
[Site "Chess.com INT"]
[Date "2023.09.05"]
[Round "6"]
[White "Boldoo, Erdenepurev"]
[Black "Zhigalko, Sergei"]
[Result "1-0"]
[WhiteElo "2375"]
[BlackElo "2572"]
[PlyCount "167"]
[EventDate "2023.09.05"]
[EventType "swiss (blitz)"]
[EventRounds "11"]
[EventCountry "USA"]
[SourceTitle "EXT 2024"]
[Source "ChessBase"]
[SourceDate "2023.10.10"]
[SourceVersion "1"]
[SourceVersionDate "2023.10.10"]
[SourceQuality "1"]

1. d4 Nf6 2. c4 e6 3. Nf3 b6 4. g3 Ba6 5. Qc2 Bb4+ 6. Bd2 Be7 7. Bg2 0-0 8. 0-0 c6 9. b3 d5 10. Ne5 Nfd7 11. Nf3 Nf6 12. Ne5 Bb7 13. Rc1 Nbd7 14. cxd5 Nxe5 15. dxe5 Nxd5 16. e4 Nb4 17. Bxb4 Bxb4 18. Rd1 Qc7 19. f4 Rfd8 20. Nc3 Qe7 21. Ne2 Ba6 22. Bf1 h5 23. h4 Bd3 24. Rxd3 Qc5+ 25. Nd4 Rxd4 26. Qxc5 Bxc5 27. Kg2 Rxe4 28. Kf3 Rd4 29. Rad1 Rad8 30. Rxd4 Bxd4 31. Ba6 c5 32. Ke4 g6 33. a4 Rd7 34. Bb5 Rc7 35. Ba6 Kf8 36. Bb5 Ke7 37. Ba6 f6 38. Bc4 Rd7 39. Bb5 Rd8 40. Bc4 Rb8 41. Bb5 Rf8 42. Rf1 Rf7 43. Bc4 Rf8 44. Bb5 Ra8 45. Ba6 Rb8 46. Bb5 Rd8 47. Bc4 Bc3 48. exf6+ Kxf6 49. Ke3 Rd4 50. Rf2 Bb4 51. Re2 e5 52. fxe5+ Kxe5 53. Kf3+ Kf5 54. Be6+ Kf6 55. Bc4 Bc3 56. Re6+ Kf5 57. Re7 g5 58. hxg5 Kxg5 59. Rg7+ Kf6 60. Rf7+ Kg6 61. Rxa7 Ba5 62. Re7 Rd2 63. Re6+ Kf5 64. Re2 Rd4 65. Be6+ Kf6 66. Bc4 Rd1 67. Re6+ Kf5 68. Re2 Rc1 69. Re8 Rc3+ 70. Kg2 Bb4 71. Rf8+ Kg6 72. Rg8+ Kh7 73. Rg5 Kh6 74. Rg8 Re3 75. Kf2 Rc3 76. Kg2 Ba3 77. Kf2 Bc1 78. Kg2 Bd2 79. Bf7 Be1 80. Bc4 Kh7 81. Kh3 Rxc4 82. bxc4 Kxg8 83. Kh4 Kf7 84. Kxh5 1-0

[Event "Titled Tuesday intern op 05th Sep Early"]
[Site "Chess.com INT"]
[Date "2023.09.05"]
[Round "2"]
[White "Novikova, Galina"]
[Black "Boldoo, Erdenepurev"]
[Result "0-1"]
[WhiteElo "2073"]
[BlackElo "2375"]
[PlyCount "74"]
[EventDate "2023.09.05"]
[EventType "swiss (blitz)"]
[EventRounds "11"]
[EventCountry "USA"]
[SourceTitle "EXT 2024"]
[Source "ChessBase"]
[SourceDate "2023.10.10"]
[SourceVersion "1"]
[SourceVersionDate "2023.10.10"]
[SourceQuality "1"]

1. e4 e6 2. Nf3 d5 3. e5 c5 4. b4 b6 5. bxc5 bxc5 6. c3 Bd7 7. d4 Nc6 8. Bd3 cxd4 9. cxd4 Bb4+ 10. Nbd2 Nge7 11. 0-0 h6 12. Nb3 0-0 13. Bc2 Re8 14. Qd3 Ng6 15. h4 Be7 16. h5 Nf8 17. a3 Rc8 18. Be3 Qb6 19. Rfb1 Qc7 20. Rc1 Qb6 21. Nfd2 a5 22. f4 Rc7 23. Nf3 Rec8 24. Nc5 Be8 25. Rab1 Qa7 26. f5 Nxd4 27. Nxd4 Bxc5 28. f6 g6 29. Kh1 Kh7 30. hxg6+ Nxg6 31. Rd1 Qa8 32. Rbc1 Qb8 33. Qd2 Bxa3 34. Rb1 Bb4 35. Qf2 Rc3 36. Bd2 Rxc2 37. Nxc2 Rxc2 0-1

[Event "Titled Tuesday intern op 05th Sep Early"]
[Site "Chess.com INT"]
[Date "2023.09.05"]
[Round "4"]
[White "Wimalasuriya, Kasun M"]
[Black "Boldoo, Erdenepurev"]
[Result "1/2-1/2"]
[WhiteElo "1767"]
[BlackElo "2375"]
[PlyCount "185"]
[EventDate "2023.09.05"]
[EventType "swiss (blitz)"]
[EventRounds "11"]
[EventCountry "USA"]
[SourceTitle "EXT 2024"]
[Source "ChessBase"]
[SourceDate "2023.10.10"]
[SourceVersion "1"]
[SourceVersionDate "2023.10.10"]
[SourceQuality "1"]

1. d4 Nf6 2. c4 g6 3. Nc3 d6 4. e4 Nbd7 5. f3 Bg7 6. Be3 0-0 7. Qd2 c5 8. Nge2 a6 9. Nc1 Qc7 10. Be2 cxd4 11. Bxd4 Ne5 12. b3 Nc6 13. Be3 Qa5 14. Rb1 Nd7 15. Nd5 Qxd2+ 16. Kxd2 e6 17. Nc3 f5 18. exf5 gxf5 19. Nd3 Nd4 20. Bd1 b6 21. Ne2 Nc6 22. Nef4 Nc5 23. Nxc5 bxc5 24. a3 a5 25. Bc2 Bd4 26. Ne2 Bxe3+ 27. Kxe3 e5 28. Kf2 Rb8 29. a4 Nd4 30. Nxd4 cxd4 31. Rhe1 Be6 32. Rbd1 f4 33. Rxd4 exd4 34. Rxe6 Rbd8 35. Re4 d5 36. cxd5 Rxd5 37. Bd3 Rd7 38. Re5 Kg7 39. Rxa5 Rb8 40. Rg5+ Kf6 41. Rf5+ Ke6 42. Rxf4 Ke5 43. Rf5+ Ke6 44. Rb5 Rxb5 45. axb5 Kd5 46. Bc4+ Kc5 47. Ke2 Re7+ 48. Kd2 h6 49. g4 Re3 50. Be2 Rxb3 51. h4 Rb2+ 52. Kd3 Rb3+ 53. Kd2 Ra3 54. g5 hxg5 55. hxg5 Ra2+ 56. Kd3 Ra3+ 57. Kd2 Ra2+ 58. Ke1 Ra1+ 59. Kf2 Ra2 60. Ke1 Ra1+ 61. Kd2 Rg1 62. f4 Rg2 63. Kd3 Rg3+ 64. Kd2 Rg2 65. Kd3 Rf2 66. b6 Kxb6 67. g6 Rg2 68. Bf3 Rg3 69. Ke4 Rxg6 70. Kxd4 Kc7 71. Ke5 Kd7 72. f5 Rb6 73. Bd5 Ke7 74. f6+ Rxf6 75. Be4 Rh6 76. Kf5 Rb6 77. Ke5 Rb5+ 78. Kd4 Ra5 79. Bd3 Kd6 80. Bc4 Rg5 81. Bd3 Rg4+ 82. Be4 Rh4 83. Kd3 Ke5 84. Bb7 Rh3+ 85. Kc4 Re3 86. Ba8 Re1 87. Kd3 Rc1 88. Bb7 Rc7 89. Ba8 Ra7 90. Bh1 Ra1 91. Bb7 Ra4 92. Bc6 Kd6 93. Bxa4 1/2-1/2

[Event "Titled Tuesday intern op 11th Jul Late"]
[Site "Chess.com INT"]
[Date "2023.07.11"]
[Round "3"]
[White "Boldoo, Erdenepurev"]
[Black "Bueno, Alfeu Varela Jr"]
[Result "0-1"]
[WhiteElo "2375"]
[BlackElo "2135"]
[PlyCount "134"]
[EventDate "2023.07.11"]
[EventType "swiss (blitz)"]
[EventRounds "11"]
[EventCountry "USA"]
[SourceTitle "EXT 2024"]
[Source "ChessBase"]
[SourceDate "2023.10.10"]
[SourceVersion "1"]
[SourceVersionDate "2023.10.10"]
[SourceQuality "1"]

1. c4 e5 2. Nf3 Nc6 3. Nc3 Bb4 4. Nd5 d6 5. Nxb4 Nxb4 6. d3 f5 7. g3 Nf6 8. Bg2 0-0 9. 0-0 Nc6 10. Qc2 Qe8 11. e3 Qh5 12. Bd2 f4 13. Bc3 Bg4 14. Nd2 f3 15. Bh1 Rae8 16. b4 Nd7 17. b5 Nd8 18. Rfc1 Re6 19. Ne4 g5 20. h4 gxh4 21. Kf1 hxg3 22. Nxg3 Qh2 23. Bb4 Bh3+ 24. Ke1 Qg1+ 25. Kd2 Qxf2+ 26. Kc3 Qxc2+ 27. Rxc2 Rg6 28. Ne4 Nf6 29. Nxf6+ Rfxf6 30. Rf2 Bg2 31. Rg1 Bxh1 32. Rxh1 Rg2 33. Rhf1 Rxf2 34. Rxf2 Ne6 35. d4 exd4+ 36. exd4 Ng5 37. Kd3 Nh3 38. Rf1 f2 39. Ke3 h5 40. Ke2 h4 41. Bd2 Kh7 42. Be3 Kg6 43. Rh1 Ng1+ 44. Kf1 Kh5 45. Bxf2 Nf3 46. Ke2 Kg4 47. Be3 h3 48. Bf2 h2 49. Ke3 Kh3 50. Bg3 Kxg3 51. Rxh2 Nxh2 52. Ke4 Ng4 53. d5 Rf4+ 54. Kd3 Ne5+ 55. Ke2 Rxc4 56. a4 Rc5 57. a5 Rxd5 58. Ke3 Rxb5 59. Ke4 Rxa5 60. Kf5 b5 61. Ke4 b4 62. Ke3 b3 63. Kd2 b2 64. Kc2 Rb5 65. Kc3 b1Q 66. Kd2 Qd3+ 67. Kc1 Rb1# 0-1

[Event "Titled Tuesday intern op 09th May Early"]
[Site "Chess.com INT"]
[Date "2023.05.09"]
[Round "3"]
[White "Boldoo, Erdenepurev"]
[Black "Levitan, Caleb Levi"]
[Result "1-0"]
[WhiteElo "2360"]
[BlackElo "2129"]
[PlyCount "73"]
[EventDate "2023.05.09"]
[EventType "swiss (blitz)"]
[EventRounds "11"]
[EventCountry "USA"]
[SourceTitle "CBM 214 Extra"]
[Source "ChessBase"]
[SourceDate "2023.07.31"]
[SourceVersion "1"]
[SourceVersionDate "2023.07.31"]
[SourceQuality "1"]

1. d4 d5 2. c4 e6 3. Nf3 Nf6 4. g3 dxc4 5. Bg2 Bb4+ 6. Bd2 c5 7. 0-0 0-0 8. dxc5 Bxc5 9. Qc2 Nbd7 10. Qxc4 a6 11. Qc2 Rb8 12. Bf4 Ra8 13. Nc3 Qe7 14. Rac1 Ba7 15. Rfd1 h6 16. Bd6 Qe8 17. e3 Rb8 18. h3 b5 19. Bxf8 Nxf8 20. Ne5 Bb7 21. Ne4 Rc8 22. Qb1 Rxc1 23. Rxc1 Bxe4 24. Bxe4 Bb8 25. Nc6 Bc7 26. Bf3 Bb6 27. Kg2 N8d7 28. b4 e5 29. Be4 Qe6 30. Bf5 Qd5+ 31. e4 Qd2 32. Qc2 Qd6 33. Rd1 Qc7 34. Bxd7 Nxd7 35. Ne7+ Kf8 36. Qxc7 Bxc7 37. Rxd7 1-0

[Event "Titled Tuesday intern op 09th May Early"]
[Site "Chess.com INT"]
[Date "2023.05.09"]
[Round "4"]
[White "Boldoo, Erdenepurev"]
[Black "Wagner, Dennis"]
[Result "0-1"]
[WhiteElo "2360"]
[BlackElo "2595"]
[PlyCount "125"]
[EventDate "2023.05.09"]
[EventType "swiss (blitz)"]
[EventRounds "11"]
[EventCountry "USA"]
[SourceTitle "CBM 214 Extra"]
[Source "ChessBase"]
[SourceDate "2023.07.31"]
[SourceVersion "1"]
[SourceVersionDate "2023.07.31"]
[SourceQuality "1"]

1. d4 Nf6 2. c4 e6 3. Nf3 d5 4. Nc3 Nbd7 5. e3 b6 6. Be2 Bb7 7. 0-0 a6 8. b3 Bd6 9. Bb2 0-0 10. Qc2 c5 11. cxd5 exd5 12. Rfd1 Rc8 13. dxc5 bxc5 14. Rac1 Qe7 15. Qf5 Rfe8 16. Bd3 g6 17. Qh3 Ne4 18. Bxe4 dxe4 19. Ng5 Nf8 20. Rxd6 Qxd6 21. Ncxe4 Bxe4 22. Nxe4 Rxe4 23. Qxc8 Qd2 24. Ba3 Kg7 25. Qxc5 Re8 26. Qc3+ Qxc3 27. Rxc3 Ne6 28. Kf1 a5 29. Bb2 Kf8 30. h4 Rb8 31. Ke2 a4 32. Ba3+ Ke8 33. bxa4 Ra8 34. Rc4 h5 35. Bb2 Kd7 36. Bd4 Nd8 37. Rb4 Nc6 38. Rc4 Kd6 39. Kd3 Na5 40. Rb4 Nc6 41. Rb7 Ke6 42. Rb6 Kd7 43. Bc5 Rxa4 44. a3 Ra5 45. Bb4 Rd5+ 46. Ke2 Re5 47. Rb7+ Ke6 48. Rc7 Nxb4 49. axb4 Re4 50. Rb7 Rxh4 51. g3 Rh1 52. Rb6+ Ke7 53. Kf3 Rb1 54. Kf4 Rb2 55. f3 f6 56. Rb7+ Ke6 57. Rb6+ Ke7 58. g4 h4 59. g5 fxg5+ 60. Kxg5 h3 61. Rxg6 Rg2+ 62. Kh4 Rxg6 63. Kxh3 0-1

[Event "Pozarevac Rudar 11th"]
[Site "Pozarevac"]
[Date "2023.04.25"]
[Round "9"]
[White "Popchev, Milko"]
[Black "Boldoo, Erdenepurev"]
[Result "0-1"]
[WhiteElo "2241"]
[BlackElo "2334"]
[PlyCount "86"]
[EventDate "2023.04.18"]
[EventType "tourn"]
[EventRounds "9"]
[EventCountry "SRB"]
[SourceTitle "CBM 213 Extra"]
[Source "ChessBase"]
[SourceDate "2023.05.31"]
[SourceVersion "1"]
[SourceVersionDate "2023.05.31"]
[SourceQuality "1"]

1. e4 c5 2. Nf3 e6 3. d3 d5 4. Nbd2 Bd6 5. Be2 Ne7 6. 0-0 0-0 7. Re1 b5 8. Bf1 Nd7 9. a4 b4 10. b3 Ba6 11. Bb2 Rc8 12. exd5 exd5 13. Ne5 Nxe5 14. Bxe5 Bxe5 15. Rxe5 Nc6 16. Re3 Qf6 17. Rh3 Rce8 18. Rc1 Bc8 19. Rg3 Nd4 20. Nb1 Re5 21. c3 bxc3 22. Nxc3 Rf5 23. Rb1 h5 24. Re3 Be6 25. Ne2 Rxf2 26. Nxd4 cxd4 27. Rf3 Rxf3 28. Qxf3 Qxf3 29. gxf3 Rb8 30. b4 Bd7 31. b5 a6 32. Rb4 axb5 33. axb5 Rxb5 34. Rxd4 Kf8 35. Kf2 Ke7 36. h4 Kd6 37. Ke3 Rb2 38. Be2 Kc5 39. Bd1 Rb1 40. Be2 f5 41. Rf4 g6 42. Rd4 Re1 43. Rf4 d4+ 0-1

[Event "Pozarevac Rudar 11th"]
[Site "Pozarevac"]
[Date "2023.04.22"]
[Round "6"]
[White "Boldoo, Erdenepurev"]
[Black "Itgelt, Khuyagtsogt"]
[Result "1/2-1/2"]
[WhiteElo "2334"]
[BlackElo "2241"]
[PlyCount "58"]
[EventDate "2023.04.18"]
[EventType "tourn"]
[EventRounds "9"]
[EventCountry "SRB"]
[SourceTitle "CBM 213 Extra"]
[Source "ChessBase"]
[SourceDate "2023.05.31"]
[SourceVersion "1"]
[SourceVersionDate "2023.05.31"]
[SourceQuality "1"]

1. d4 Nf6 2. c4 g6 3. Nc3 d5 4. cxd5 Nxd5 5. e4 Nxc3 6. bxc3 Bg7 7. Bc4 c5 8. Ne2 Nc6 9. Be3 0-0 10. Rc1 Qa5 11. 0-0 Bd7 12. f4 e6 13. Rb1 Qc7 14. d5 Na5 15. d6 Qc6 16. Bb5 Qxe4 17. Bxc5 Bc6 18. Bxc6 Qxc6 19. Bb4 Nc4 20. Nd4 Qd5 21. Nf3 a5 22. Qxd5 exd5 23. Bc5 Rfc8 24. Rb5 b6 25. Bf2 Nxd6 26. Rxd5 Ne4 27. Bxb6 Nxc3 28. Rxa5 Rxa5 29. Bxa5 Nxa2 1/2-1/2

[Event "Pozarevac Rudar 11th"]
[Site "Pozarevac"]
[Date "2023.04.21"]
[Round "4"]
[White "Boldoo, Erdenepurev"]
[Black "Srdanovic, Jovana"]
[Result "1-0"]
[WhiteElo "2334"]
[BlackElo "2065"]
[PlyCount "67"]
[EventDate "2023.04.18"]
[EventType "tourn"]
[EventRounds "9"]
[EventCountry "SRB"]
[SourceTitle "CBM 213 Extra"]
[Source "ChessBase"]
[SourceDate "2023.05.31"]
[SourceVersion "1"]
[SourceVersionDate "2023.05.31"]
[SourceQuality "1"]

1. d4 d5 2. c4 c6 3. Nc3 Nf6 4. e3 a6 5. Nf3 Bf5 6. Be2 h6 7. Qb3 Ra7 8. cxd5 cxd5 9. Ne5 e6 10. Bd2 Nbd7 11. Nxd7 Nxd7 12. 0-0 Qb8 13. Rfc1 Bd6 14. h3 0-0 15. Na4 b5 16. Nc5 Nb6 17. Qd1 Rc8 18. b3 Nd7 19. Bb4 Nxc5 20. Bxc5 Bxc5 21. dxc5 b4 22. Qd4 Rc6 23. a3 Rb7 24. a4 Rd7 25. a5 e5 26. Qd2 d4 27. Ra4 d3 28. Bd1 Qc7 29. Qxb4 d2 30. Rc3 Qd8 31. Qh4 g5 32. Qg3 Rd3 33. Qxe5 Be6 34. Rxd3 1-0

[Event "Titled Tuesday intern op 10th Jan Early"]
[Site "Chess.com INT"]
[Date "2023.01.10"]
[Round "1"]
[White "Fromm, Marius"]
[Black "Boldoo, Erdenepurev"]
[Result "1-0"]
[WhiteElo "2429"]
[BlackElo "2334"]
[PlyCount "51"]
[EventDate "2023.01.10"]
[EventType "swiss (blitz)"]
[EventRounds "11"]
[EventCountry "USA"]
[SourceTitle "EXT 2024"]
[Source "ChessBase"]
[SourceDate "2023.10.10"]
[SourceVersion "1"]
[SourceVersionDate "2023.10.10"]
[SourceQuality "1"]

1. e4 d6 2. d4 g6 3. Nc3 Bg7 4. Be3 Nf6 5. Qd2 0-0 6. 0-0-0 Nbd7 7. Bh6 c5 8. Bxg7 Kxg7 9. Nf3 cxd4 10. Nxd4 Nc5 11. f3 a6 12. h4 h5 13. g4 e5 14. Nf5+ gxf5 15. gxf5 Nh7 16. Rg1+ Kh8 17. Qh6 Qf6 18. Qxh5 Rg8 19. Bc4 Bd7 20. Bxf7 Rxg1 21. Rxg1 Rf8 22. Bg6 Qg7 23. Rd1 Rf6 24. Nd5 Rf8 25. f6 Qg8 26. Ne7 1-0